| 000 | 01074nam a2200229Ia 4500 | ||
|---|---|---|---|
| 008 | 000000[1997] sp a 0000000000spa00 | ||
| 020 | _a8476713975 | ||
| 090 | _aPSP00 O45p | ||
| 100 | 1 | _aOlmo, Santiago B. | |
| 245 | 1 | 0 |
_aPedro Proença, Guillermo Pérez Villalta _b: diálogos _c/ textos Santiago Olmo, Rosa Olivares ; traducción Paulo Eduardo Carvalho ; fotografías José Angel Vicente, Oronoz, Claudio del Campo |
| 300 |
_a123 p _c/ 27 cm. |
||
| 500 | _aCon el patronazgo del maestro venezolano Jesús Rafael Soto (q.e.p.d.) | ||
| 600 | 0 | 0 |
_a PROENCA, PEDRO, 1962/ _xTRABAJOS PICTORICOS \ PEREZ VILLALTA, GUILLERMO, 1948/ _xTRABAJOS PICTORICOS |
| 650 | 1 | 4 | _a PINTURA MODERNA ESPAÑOLA |
| 650 | 1 | 4 | _xCATALOGOS |
| 650 | 1 | 4 | _xEXPOSICIONES |
| 650 | 1 | 4 | _aPINTORES ESPAÑOLES |
| 650 | 1 | 4 | _aPINTORES PORTUGUESES |
| 650 | 1 | 4 | _aPINTURA MODERNA PORTUGUESA |
| 700 | 1 | _aOlivares, Rosa \ Carvalho, Paulo Eduardo \ Vicente, José Angel \ Oronoz \ Campo, Claudio del | |
| 999 |
_c448 _d448 |
||
| 260 |
_aBadajoz : Museo Extremeño e Iberoamericano de Arte Contemporáneo _c1997 |
||